00960nam a22002297a 4500999001900000005001700019010001500036020002300051035001400074037001300088082001000101100001700111245010900128250002000237260003400257270005700291300002000348500008800368942002400456952012300480952012700603 c157621d15762120180922115112.0 aENG-124023 c295.00a8183820611 aEN-107555 bDBAD/PUB a320.3 aJohari, J.C. aNew comparative government: cby J.C. Johari b(a concise study of domestic politics around the world) / a2nd revised ed. aNew Delhic2011bLotus Press  bNew Delhia4263/3, Ansari Raod, Darya Ganj, e110002 a730p.c21(pbk.) aIt includes appendix: recent political developments new constitution of Switzerland 2ddccENh320.3mJOH 001040718NFICaDBADbZLSd2018-09-22eDBAD/PUBg295.00l0o320.3 JOHpEN-107555r2018-09-22 00:00:00t1v295.00yEN 001040708NFICaZLSbZLSd2020-10-28l2m1o320.3 JOHpB-219443r2022-07-28 00:00:00s2022-07-09v195.00w2020-10-28yEN